ISRO: Exploring New Frontiers (Record no. 47268)

MARC details
000 -LEADER
fixed length control field 00684nam a22001937a 4500
005 - DATE AND TIME OF LATEST TRANSACTION
control field 20260218120434.0
008 - FIXED-LENGTH DATA ELEMENTS--GENERAL INFORMATION
fixed length control field 260218b |||||||| |||| 00| 0 eng d
020 ## - INTERNATIONAL STANDARD BOOK NUMBER
International Standard Book Number 9789393875877
040 ## - CATALOGING SOURCE
Transcribing agency VITAP
082 ## - DEWEY DECIMAL CLASSIFICATION NUMBER
Edition number 23
Classification number 520 SUB
100 ## - MAIN ENTRY--PERSONAL NAME
Personal name Subraminaan, T.S Ed.
9 (RLIN) 17072
245 ## - TITLE STATEMENT
Title ISRO: Exploring New Frontiers
Remainder of title : To The Moon The Sun & Beyond
Statement of responsibility, etc. / T.S. Subramanian Ed.
260 ## - PUBLICATION, DISTRIBUTION, ETC.
Place of publication, distribution, etc. Chennai
Name of publisher, distributor, etc. THG Publishing Pvt Ltd.
Date of publication, distribution, etc. 2024
300 ## - PHYSICAL DESCRIPTION
Extent 356p, ill.: 25cm
650 #0 - SUBJECT ADDED ENTRY--TOPICAL TERM
Topical term or geographic name entry element History of ISRO, Launch Vehicles, Satellite Programmes, Lunar Missions, Mars Mission, Solar Mission etc.
9 (RLIN) 17075
700 ## - ADDED ENTRY--PERSONAL NAME
Personal name Kirubanidhi, K Ed.
9 (RLIN) 17076
700 ## - ADDED ENTRY--PERSONAL NAME
Personal name Krithika, R Ed.
9 (RLIN) 17077
942 ## - ADDED ENTRY ELEMENTS (KOHA)
Source of classification or shelving scheme Dewey Decimal Classification
Koha item type Text Book
Holdings
Withdrawn status Lost status Source of classification or shelving scheme Materials specified (bound volume or other part) Damaged status Not for loan Collection code Home library Current library Shelving location Date acquired Source of acquisition Cost, normal purchase price Inventory number Total Checkouts Full call number Barcode Date last seen Cost, replacement price Price effective from Koha item type Public note
    Dewey Decimal Classification Hard Bound   Not For Loan Reference School of Business & General Section VIT-AP General Stacks 2026-01-12 The Hindu Group of Publications 2999.00 9001173329   520 SUB 025491 2026-02-18 2999.00 2026-01-12 Reference Book GEN
    Dewey Decimal Classification Hard Bound       School of Business & General Section VIT-AP General Stacks 2026-01-12 The Hindu Group of Publications 2999.00 9001173329   520 SUB 025492 2026-02-18 2999.00 2026-01-12 Text Book GEN

Visitor Number: